000 00511nam a2200181Ia 4500
005 20250326141513.0
008 250326s9999 xx 000 0 und d
037 _aTextbook
040 _aFMSL
_beng
_cFMSL
041 _aeng
_2eng
084 _qFMSL
100 _aStair R M
_9744600
245 0 _aProduction and operations management a Self- connecting approach
_cStair R M; Render B
260 _aBoston
_bBoston, Allyn and Bacon
_c1990
300 _a544p
942 _cTB
999 _c1290613
_d1290613